Guess The Cereal - Statistics

General Stats
  • This quiz has been taken 25 times
    18 since last reset
  • The average score is 10 of 23
Answer Stats
Picture Answer % Correct
Lucky Charms
100%
Cheerios
81%
Frosted Flakes
75%
Cinnamon Toast Crunch
63%
Cap'n Crunch
56%
Froot Loops
56%
Fruity Pebbles
56%
Reese's Puffs
56%
Cookie Crisp
50%
Kix
50%
Honeycombs
44%
Mini Wheats
44%
Oreo O's
44%
Boo Berry
38%
Count Chocula
38%
Trix
38%
Cocoa Krispies
31%
Frankenberry
31%
Golden Grahams
31%
Life
31%
Honey Smacks
19%
Honey Bunch Of Oats
6%
Quisp
6%
No matching quizzes found
Score Distribution
Percent of People with Each Score
Percentile by Number Answered
Your Score History
You have not taken this quiz since the last reset